| 000 | 00586nam a2200157 4500 | ||
|---|---|---|---|
| 001 | 145170 | ||
| 003 | ES-MaACL | ||
| 007 | t| | ||
| 008 | 070214s1972 xxr r ||||1| spa d | ||
| 100 | 1 |
_aSotskov, Boris Stepanovich. _9107549 |
|
| 245 | 1 | 0 |
_aFundamentos de la teoría y del cálculo de fiabilidad de elementos y dispositivos de automatización y técnica del cálculo / _cBoris Stepanovich Sotskov ; traducción del ruso por A. Grdian. |
| 260 |
_aMoscú : _bMir, _c1972. |
||
| 300 |
_a262 p. : _bil. ; _c22 cm. |
||
| 700 | 1 |
_aGrdian, A. _959814 |
|
| 852 |
_aES-MaACL _jE-5361 _bR.89376 |
||
| 999 |
_c145170 _d145170 |
||